LEADER 01051nam a2200253 u 4500 001 000000039065 003 CaOOAMICUS 005 20071210151011.0 008 980504s1932 it u000 u ita u 035 $a10793340 040 $aPUL(R)$bita$dLDB 100 1 $aVisentini, L.$0(OLS)http://pul/name/29082 245 13$aIl notaio.$n1,$pPreparazione pratica e dottrinale agli esami ed alla funzione notarile /$cL. e I. Visentini. 260 $aMilano :$bHoepli,$c1932. 300 $av. ;$c15 cm 500 $aInclude indici. 650 4$aNotariato.$0(OLS)http://pul/subject/18121 700 1 $aVisentini, I.$0(OLS)http://pul/name/29083 850 $aPUL 852 $aPUL$W1$xDP2 Diritto e Scienze Sociali 1$y65$m175 N 14$j53159$nBK-PRI$qStampati$B53159$CPULBib$Z2$F53159 $H62327 $82 941 1 $a8 961 $aINV: 62327 996 $6245$aIl notaio.$n1,$pPreparazione pratica e dottrinale agli esami ed alla funzione notarile$9(OLS)http://pul/title/52925 996 $6260$aMilano :$bHoepli$9(OLS)http://pul/publisher/49407 LEADER 01154nam a2200289 a 4500 001 000000150916 003 CaOOAMICUS 005 20160401114241.0 008 160401s1996 it u000 u ita r 032 $aLibriCat 040 $aPUL$bita 245 00$aInferno / $ca cura di Eugenio Bruno S.I. e Ezio Alberione. 260 $aMilano :$bSan Fedele,$c©1996. 300 $a159 p. ;$c24 cm. 500 $aIn cofanetto. 580 $aPubblicato con "Purgatorio" ; "Paradiso". 650 4$aInferno.$0(OLS)http://pul/subject/12263 700 1 $aBruno, Eugenio,$cS.I.$0(OLS)http://pul/name/96036 700 1 $aAlberione, Ezio,$d1965-$0(OLS)http://pul/name/70497 777 0 $tPurgatorio / .$dMilano : San Fedele, ©1996.$w()150917 777 0 $tParadiso / .$dMilano : San Fedele, ©1996.$w()150918 850 $aPUL 852 $aPUL$W1$xDP1 Cons. Gen., Altre Classi 1$y22$m699 E 34$j173316$qStampati$B175526$CPULBib$Z2$F175526 $H80062 $81 941 1 $a8 996 $6245$aInferno / $9(OLS)http://pul/title/190100 996 $6260$aMilano :$bSan Fedele$9(OLS)http://pul/publisher/84802